Sociálno – ekonomické aspekty integrácie migrantov do francúzskej spoločnosti dizertačná práca
Salvato in:
| Autore principale: | |
|---|---|
| Ente Autore: | |
| Altri autori: | |
| Natura: | Libro |
| Lingua: | slovacco |
| Pubblicazione: |
Bratislava
2024
|
| Soggetti: | |
| Tags: |
Nessun Tag, puoi essere il primo ad aggiungerne!!
|
MARC
| LEADER | 00000nbm a2200000 4500 | ||
|---|---|---|---|
| 001 | 0304046 | ||
| 005 | 20250204082116.1 | ||
| 041 | 0 | |a slo | |
| 044 | |a SK | ||
| 245 | 1 | 0 | |a Sociálno – ekonomické aspekty integrácie migrantov do francúzskej spoločnosti |b dizertačná práca |c Kristína Krupová ; školiteľ: Ľubomír Čech |
| 264 | 1 | |a Bratislava |c 2024 | |
| 300 | |a 130 s. | ||
| 610 | 2 | 0 | |a politika migračná |
| 610 | 2 | 0 | |a výkonnosť ekonomiky |
| 610 | 2 | 0 | |a ukazovatele ekonomické |
| 610 | 2 | 0 | |a ukazovatele sociálne |
| 610 | 2 | 0 | |a integrácia ekonomická |
| 610 | 2 | 0 | |a integrácia sociálna |
| 610 | 2 | 0 | |a Francúzsko |
| 100 | 1 | |a Krupová, Kristína, 1993- | |
| 700 | 1 | |a Čech, Ľubomír, 1955- | |
| 710 | 2 | |a Fakulta medzinárodných vzťahov EU. Katedra medzinárodných politických vzťahov | |